| 000 | 01151nam a22002777a 4500 | ||
|---|---|---|---|
| 005 | 20220506154130.0 | ||
| 008 | 220506s1995 sp |||gr|||| 00| 0 spa d | ||
| 020 | _a9788477740469 (2a.Ed.) | ||
| 020 | _a8477740461 | ||
| 040 |
_aCO-BoUCM _bspa _cDeissy Garcia _dDeissy Garcia |
||
| 041 | 0 | _aspa | |
| 100 | 1 |
_9174611 _aSmith, Carl B. |
|
| 245 | 1 | 3 |
_aLa enseñanza de la lectoescritura _bun enfoque interactivo _cCarl B. Smith, Karin L. Dahl ; traducción, Jesús Alonso Tapia |
| 250 | _a2a.Ed. | ||
| 260 |
_aMadrid _bVisor Fotocomposición _c1995 |
||
| 300 | _a162 páginas | ||
| 490 | 0 |
_aColección Aprendizaje _v46 |
|
| 500 | _aBibliografía Básica - Escuela de Administración - Pregrado en Marketing y Negocios Digitales | ||
| 500 | _aBibliografía Básica - Escuela de Administración - Pregrado en Administración de Negocios Internacionales | ||
| 504 | _aIncluye referencias bibliográficas e índices | ||
| 650 | 7 |
_918304 _aLectoescritura _xEnseñanza |
|
| 650 | 7 |
_915523 _aFacilidad de lectura |
|
| 700 | 1 |
_9174612 _aDahl, Karin L. |
|
| 942 |
_2DEWEY _a10 _cLIBRO _e1 _h372.414 _mS642e _n0 |
||
| 999 |
_c321112 _d321112 |
||